Mining geostatistics

Αποθηκεύτηκε σε:
Λεπτομέρειες βιβλιογραφικής εγγραφής
Κύριος συγγραφέας: Journel, A. G.
Άλλοι συγγραφείς: Huijbregts, Ch. J.
Μορφή: Βιβλίο
Γλώσσα:English
Δημοσίευση: Caldwell : Blackburn Press, 2003, 1991
Θέματα:
Ετικέτες: Προσθήκη ετικέτας
Δεν υπάρχουν, Καταχωρήστε ετικέτα πρώτοι!

MARC

LEADER 00000nam a2200000 i 4500
001 1/87702
008 080604r19912003 eng d
020 |a 1-930665-91-1 
035 |l 10097937 
040 |a GR-MY-UA  |b gre  |e aacr 
041 0 |a eng 
082 0 |a 622  |2 (22) 
100 1 |a Journel, A. G. 
245 1 0 |a Mining geostatistics /  |c A. G. Journel, Ch. J. Huijbregts 
260 |a Caldwell :   |b Blackburn Press,   |c 2003, 1991 
300 |a x, 600 σ.;  |b διαγρ.;  |c 23 εκ. 
500 |a Το παραρτημα Λέσβου διαθέτει την ανατύπωση της πέμπτης εκτύπωσης, 1991 
504 |a Βιβλιογραφία: σ. 581-590 
504 |a Ευρετήριο: σ. 591-600 
650 0 0 |a Mining geology  |x Statistical methods. 
700 1 |a Huijbregts, Ch. J. 
852 |a INST  |b LESVOS  |e 20080604  |h 622 JOU  |p 005100042597  |q 005100042597  |t BK  |y 0 
901 |a BIBL1-2008-2 
909 |a Λ  |b 151579 
922 |a 1ΕΛΗ  |b 200803  |c ΕΠΕΑΕΚ2/ΤΓ  |d ΕΛΕΥΘΕΡΟΥΔΑΚΗΣ 
970 |a ΧΑΤΖΗΜΙΧΑΗΛ  |b ΜΑΡΙΑ  |z 2008/06/04